| 000 | 00964nam a2200253 i 4500 | ||
|---|---|---|---|
| 001 | 55915 | ||
| 003 | ES-MaACL | ||
| 005 | 20251002201742.0 | ||
| 007 | t| | ||
| 008 | 030930s1929 ag ||||1| spa d | ||
| 080 | _a929 Cortés, Hernán | ||
| 080 | _a94(720)"1517/21"(093.3) | ||
| 080 | _a9(72:46)"15" | ||
| 100 | 1 |
_aDíaz del Castillo, Bernal. _944257 |
|
| 245 | 1 | 0 |
_aDescubrimiento y conquista de México : _bnarración íntegra de esta epopeya formada con los más brillantes capitulos del príncipe de los cronistas / _cBernal Díaz del Castillo. |
| 260 |
_aBuenos Aires : _bVirius, _c1929. |
||
| 300 |
_a448 p. ; _c19 cm. |
||
| 490 | 1 | _aBiblioteca histórica ibero-americana | |
| 600 | 1 | 4 |
_aCortés, Hernán, _d1485-1547- _xBiografías _940854 |
| 651 | 4 |
_aMéxico- _xHistoria- _y1517-1521, Descubrimiento y conquista. _9136484 |
|
| 830 | 1 |
_aBiblioteca histórica ibero-americana _9230360 |
|
| 852 | 4 |
_aES-MaACL _jB-4123 |
|
| 999 |
_c55915 _d55915 |
||